Cabal Seminar 81-85 : proceedings, Caltech-UCLA Logic Seminar, 1981-85
Αποθηκεύτηκε σε:
| Συγγραφή απο Οργανισμό/Αρχή: | |
|---|---|
| Άλλοι συγγραφείς: | , , |
| Μορφή: | Πρακτικό Συνεδρίου Βιβλίο |
| Γλώσσα: | English |
| Δημοσίευση: |
Berlin ; New York :
Springer-Verlag,
c1988.
|
| Σειρά: | Lecture notes in mathematics (Springer-Verlag)
; 1333 |
| Θέματα: | |
| Ετικέτες: |
Προσθήκη ετικέτας
Δεν υπάρχουν, Καταχωρήστε ετικέτα πρώτοι!
|
MARC
| LEADER | 00000cam a2200000 i 4500 | ||
|---|---|---|---|
| 001 | 1/28074 | ||
| 008 | 941103s1988 gw ||| | eng|| | ||
| 020 | |a 3540500200 | ||
| 020 | |a 0387500200 | ||
| 035 | |l 10037984 | ||
| 040 | |a GR-MyUA |b gre |e AACR2 | ||
| 041 | 0 | |a eng | |
| 082 | 0 | |a 511.322 |2 (19) | |
| 111 | 2 | |a Cabal Seminar |d (1981-1985 : |c California Institute of Technology and University of California, Los Angeles) | |
| 245 | 1 | 0 | |a Cabal Seminar 81-85 : |b proceedings, Caltech-UCLA Logic Seminar, 1981-85 / |c A.S. Kechris, D.A. Martin, J.R. Steel (eds.) |
| 260 | |a Berlin ; |a New York : |b Springer-Verlag, |c c1988. | ||
| 300 | |a 224 σ. ; |c 25 εκ. | ||
| 490 | 1 | |a (Lecture notes in mathematics (Springer-Verlag) |v ; 1333) | |
| 505 | 0 | |a The strength of borel wadge determinacy / A. Louveau and J. Saint-Raymond -- More closure properties of pointclasses / H. Becker -- Definable functions on degrees / T.A. Slaman and J.R. Steel -- Long games / J.R. Steel -- "Ad + uniformization" is equivalent to "half ADR" / A.S. Kechris -- A coding theorem for measures / A.S. Kechris -- Subsets of [aleph]1 constructible from a real / A.S. Kechris -- AD and the projective ordinals / S. Jackson. | |
| 650 | 0 | 0 | |a Set theory |x Congresses. |
| 650 | 0 | 0 | |a Recursion theory |x Congresses. |
| 700 | 1 | |a Kechris, A. S., |d 1946- |e edt | |
| 700 | 1 | |a Martin, D. A. |q (Donald A.), |d 1940- |e edt | |
| 700 | 1 | |a Steel, J. R. |q (John R.), |d 1948- |e edt | |
| 830 | 0 | |a Lecture notes in mathematics (Springer-Verlag) |v ; 1333 | |
| 852 | |a INST |b SAMOS |e 19941103 |h 511.322 CAB |p 005300006903 |q 005300006903 |t BK |y 0 | ||
| 909 | |a Σ |b 029187 | ||